Evaluation of pain and periapical healing of teeth with Apical Periodontics using CBCT in single vs multiple visit Endodontic treatment (Record no. 23738)
[ view plain ]
| 000 -LEADER | |
|---|---|
| fixed length control field | 00522nam a22001457a 4500 |
| 003 - CONTROL NUMBER IDENTIFIER | |
| control field | SGT |
| 082 ## - DEWEY DECIMAL CLASSIFICATION NUMBER | |
| Classification number | 617.6342 |
| Item number | E23S |
| 100 ## - MAIN ENTRY--PERSONAL NAME | |
| Personal name | Singh, Lakshita |
| 245 ## - TITLE STATEMENT | |
| Title | Evaluation of pain and periapical healing of teeth with Apical Periodontics using CBCT in single vs multiple visit Endodontic treatment |
| Remainder of title | A Randomized Clinical trial |
| 260 ## - PUBLICATION, DISTRIBUTION, ETC. (IMPRINT) | |
| Place of publication, distribution, etc | Gurugram, Haryana |
| Name of publisher, distributor, etc | SGT University |
| Year of Publication | 2023 |
| 300 ## - PAGE DESCRIPTION | |
| No. of Pages | 90 |
| 650 ## - SUBJECT ADDED ENTRY--TOPICAL TERM | |
| Topical term or geographic name as entry element | Conservative Dentistry & Endodontics |
| 653 ## - KEYWORDS--INDEX TERM | |
| Keyword term | Conservative Dentistry & Endodontics |
| 942 ## - ADDED ENTRY ELEMENTS (KOHA) | |
| Source of classification or shelving scheme | Dewey Decimal Classification |
| Koha item type | Thesis/Dissertation |
| Withdrawn status | Lost status | Source of classification or shelving scheme | Damaged status | Use restrictions | Not for loan | Home library | Current library | Date acquired | SGTU | Full call number | Accession No. (Barcode) | Date last seen | Bill Date | Koha item type |
|---|---|---|---|---|---|---|---|---|---|---|---|---|---|---|
| Dewey Decimal Classification | Restricted Access | Not For Loan | SGT Dental Library | SGT Dental Library | 28/01/2023 | SGTU | 617.6342 E23S | DT1477 | 28/01/2023 | 28/01/2023 | Thesis/Dissertation |